<?xml version="1.0" encoding="UTF-8"?><?xml-stylesheet type="text/xsl" href="static/style.xsl"?><OAI-PMH xmlns="http://www.openarchives.org/OAI/2.0/" xmlns:xsi="http://www.w3.org/2001/XMLSchema-instance" xsi:schemaLocation="http://www.openarchives.org/OAI/2.0/ http://www.openarchives.org/OAI/2.0/OAI-PMH.xsd"><responseDate>2026-06-01T23:27:59Z</responseDate><request verb="GetRecord" identifier="oai:riuma.uma.es:10630/26104" metadataPrefix="marc">https://riuma.uma.es/rest/oai/request</request><GetRecord><record><header><identifier>oai:riuma.uma.es:10630/26104</identifier><datestamp>2026-02-03T12:18:14Z</datestamp><setSpec>com_10630_2254</setSpec><setSpec>col_10630_37959</setSpec></header><metadata><record xmlns="http://www.loc.gov/MARC21/slim" xmlns:dcterms="http://purl.org/dc/terms/" xmlns:doc="http://www.lyncode.com/xoai" xmlns:xsi="http://www.w3.org/2001/XMLSchema-instance" xsi:schemaLocation="http://www.loc.gov/MARC21/slim http://www.loc.gov/standards/marcxml/schema/MARC21slim.xsd">
   <leader>00925njm 22002777a 4500</leader>
   <datafield ind2=" " ind1=" " tag="042">
      <subfield code="a">dc</subfield>
   </datafield>
   <datafield ind2=" " ind1=" " tag="720">
      <subfield code="a">Mayorga-Vega, Daniel</subfield>
      <subfield code="e">author</subfield>
   </datafield>
   <datafield ind2=" " ind1=" " tag="720">
      <subfield code="a">López-Fernández, Iván</subfield>
      <subfield code="e">author</subfield>
   </datafield>
   <datafield ind2=" " ind1=" " tag="260">
      <subfield code="c">2023</subfield>
   </datafield>
   <datafield ind2=" " ind1=" " tag="520">
      <subfield code="a">Los objetivos del presente trabajo fueron: 1) Describir una experiencia docente basada en la metodología ABP con estudiantes universitarios del Grado en Educación Primaria, y 2) examinar las percepciones del estudiantado sobre dicha experiencia docente. El 22,2% de los estudiantes tenían experiencia previa con la metodología ABP. Los estudiantes, de media, reportaron una valoración positiva con la aplicación de la metodología ABP (desde “un poco de acuerdo” a “totalmente de acuerdo”; media de todos los ítems = 4,7), excepto para el ítem 18 (“Aprendo más y mejor con la técnica del ABP que con las prácticas -gimnasio, aire libre-) que fue neutro (puntuación de 3,5). La mayoría de los estudiantes (88,9%) mostraron una satisfacción académica (media ítems 1-7) positiva (es decir, de 4 a 6 puntos). Sólo tres estudiantes (4,2%) reportaron una satisfacción académica negativa (es decir, por debajo de 3,5 puntos). Por último, los resultados de la prueba de Mann-Whitney mostraron que la aplicación de la metodología ABP se valoraba de manera similar entre estudiantes varones y mujeres (p > 0,05) y estudiantes con o sin experiencia previa con dicha metodología (p > 0,05).</subfield>
   </datafield>
   <datafield ind1="8" ind2=" " tag="024">
      <subfield code="a">Mayorga-Vega, D. &amp; López-Fernández, I. (2023). Experiencia docente con la aplicación de la metodología Aprendizaje Basado en Problemas en estudiantes universitarios del Grado en Educación Primaria. Actas del 6º Congreso Mundial de Educación EDUCA 2023 A Coruña (España). 2-4 marzo 2023</subfield>
   </datafield>
   <datafield ind1="8" ind2=" " tag="024">
      <subfield code="a">https://hdl.handle.net/10630/26104</subfield>
   </datafield>
   <datafield tag="653" ind2=" " ind1=" ">
      <subfield code="a">Educación superior - Metodología - Congresos</subfield>
   </datafield>
   <datafield ind2="0" ind1="0" tag="245">
      <subfield code="a">Experiencia docente con la aplicación de la metodología Aprendizaje Basado en Problemas en estudiantes universitarios del Grado en Educación Primaria</subfield>
   </datafield>
</record>
</metadata></record></GetRecord></OAI-PMH>